00574 2200181 4500001002100000005001500021035002000036007000300056008004100059082000800100084001400108100002700122245015300149260004300302300001900345600001400364856001400378INLIS00000000000905120260312111156 a0010-0326000010ta260312 0  a631 a631 UNI s0 aUniversitas Hasanuddin1 aSeminar Nasional PERHORTI dan PERAGI 2016 :bPeningkatan Produksi Pangan dan Hortikultura yang Berdaya Saing mendukung MEA /cUniversitas Hasanuddin aMakassar :bPERHORTI dan PERAGI,c2016 bIlusi ;c22 cm 4apertanian aKelas 631